[Event "SVK-ch sf 33rd corr"]
[Site "Slovakia"]
[Date "2004.??.??"]
[Round "?"]
[White "Kotoucek, Milan"]
[Black "Simoncic, Ladislav"]
[Result "0-1"]
[WhiteElo "1941"]
[BlackElo "2053"]
[PlyCount "64"]
[EventDate "2003.??.??"]
[EventType "tourn (corr)"]
[EventRounds "12"]
[EventCountry "SVK"]
[SourceTitle "Corr 2006"]
[Source "ChessBase"]
[SourceDate "2006.04.01"]
[SourceVersion "3"]
[SourceVersionDate "2006.04.01"]
[SourceQuality "1"]

1. d4 d5 2. c4 e6 3. Nc3 c5 4. dxc5 d4 5. Ne4 Bxc5 6. Nxc5 Qa5+ 7. Bd2 Qxc5 8. b4 Qe7 9. Nf3 e5 10. g3 Nf6 11. Bg2 0-0 12. Ng5 h6 13. Ne4 Nxe4 14. Bxe4 Be6 15. c5 f5 16. Bg2 Qf7 17. 0-0 Bd5 18. Bxd5 Qxd5 19. Qc2 Nd7 20. Rad1 f4 21. gxf4 exf4 22. Bc1 f3 23. e4 Qh5 24. Kh1 Ne5 25. Rg1 Ng4 26. Rxg4 Qxg4 27. Rg1 Qe6 28. e5 Rad8 29. Qd3 Kh8 30. Rg6 Qxe5 31. Bxh6 Rd7 32. Rg5 Qe6 0-1

[Event "SVK-ch sf 33rd corr"]
[Site "Slovakia"]
[Date "2004.??.??"]
[Round "?"]
[White "Simoncic, Ladislav"]
[Black "Kotoucek, Milan"]
[Result "1-0"]
[WhiteElo "2053"]
[BlackElo "1941"]
[PlyCount "63"]
[EventDate "2003.??.??"]
[EventType "tourn (corr)"]
[EventRounds "12"]
[EventCountry "SVK"]
[SourceTitle "Corr 2006"]
[Source "ChessBase"]
[SourceDate "2006.04.01"]
[SourceVersion "3"]
[SourceVersionDate "2006.04.01"]
[SourceQuality "1"]

1. e4 c5 2. Nf3 Nc6 3. d4 cxd4 4. Nxd4 g6 5. Nc3 Bg7 6. Be3 Nf6 7. Be2 d6 8. 0-0 0-0 9. Nb3 Ne5 10. f4 Neg4 11. Bd4 a6 12. e5 dxe5 13. fxe5 Qc7 14. Bxg4 Nxg4 15. Nd5 Qd8 16. Bb6 Qd7 17. Nc5 Qe8 18. Nc7 Qc6 19. Nxa8 Bxe5 20. h3 Ne3 21. Qf3 Nxf1 22. Qxc6 bxc6 23. Rxf1 Bxb2 24. Nd3 Bc3 25. Nc7 Bf5 26. Bc5 Rd8 27. Nxa6 e5 28. Nab4 Bxb4 29. Nxb4 Rd2 30. Re1 Bxc2 31. Be3 Rd1 32. Nxc2 1-0

[Event "SVK-ch sf 33rd corr"]
[Site "Slovakia"]
[Date "2004.??.??"]
[Round "?"]
[White "Szegi, Viktor"]
[Black "Kotoucek, Milan"]
[Result "1-0"]
[WhiteElo "1958"]
[BlackElo "1941"]
[PlyCount "109"]
[EventDate "2003.??.??"]
[EventType "tourn (corr)"]
[EventRounds "12"]
[EventCountry "SVK"]
[SourceTitle "Corr 2006"]
[Source "ChessBase"]
[SourceDate "2006.04.01"]
[SourceVersion "3"]
[SourceVersionDate "2006.04.01"]
[SourceQuality "1"]

1. e4 c5 2. Nf3 Nc6 3. d4 cxd4 4. Nxd4 g6 5. c4 Bg7 6. Nc2 Qb6 7. Nc3 d6 8. Be2 Nf6 9. 0-0 0-0 10. Rb1 Ne5 11. Be3 Qd8 12. c5 dxc5 13. Bxc5 Qc7 14. b4 b6 15. Bd4 Bb7 16. Nb5 Qb8 17. f3 Rd8 18. Qc1 a6 19. Nc3 Nc6 20. Bxb6 Rc8 21. Qd2 Nd8 22. Bc5 Ne6 23. Na4 Qc7 24. Nb6 Nxc5 25. bxc5 Qxc5+ 26. Qe3 Qxc2 27. Rfc1 Qxa2 28. Nxa8 Rxc1+ 29. Rxc1 Qb2 30. Rd1 h5 31. Nc7 a5 32. Bc4 e6 33. Qb3 Nh7 34. Qxb2 Bxb2 35. Rd8+ Nf8 36. Bb5 Be5 37. Ne8 f5 38. exf5 gxf5 39. Nd6 Bd5 40. Be8 h4 41. Nxf5 Bc7 42. Ne7+ Kg7 43. Rc8 Bb6+ 44. Kh1 h3 45. Nxd5 hxg2+ 46. Kxg2 exd5 47. Rb8 Bc7 48. Rb7 Ne6 49. Bd7 Nf4+ 50. Kg3 Be5 51. Ra7 Ne2+ 52. Kg4 Kf6 53. Ra6+ Ke7 54. Bf5 Nc3 55. Re6+ 1-0

[Event "SVK-Cup13 G4 corr"]
[Site "Slovakia"]
[Date "2002.12.08"]
[Round "3"]
[White "Mlynarcik, Stefan"]
[Black "Kotoucek, Milan"]
[Result "1-0"]
[WhiteElo "2071"]
[BlackElo "1941"]
[PlyCount "43"]
[EventDate "2002.02.01"]
[EventType "tourn (corr)"]
[EventRounds "12"]
[EventCountry "SVK"]
[SourceTitle "Corr 2006"]
[Source "ChessBase"]
[SourceDate "2006.04.01"]
[SourceVersion "3"]
[SourceVersionDate "2006.04.01"]
[SourceQuality "1"]

1. e4 c5 2. Nf3 g6 3. d4 cxd4 4. Nxd4 Nc6 5. Nc3 Bg7 6. Be3 Nf6 7. Bc4 d6 8. Bb3 Bd7 9. f3 Na5 10. Qd2 0-0 11. a4 Rc8 12. 0-0 Nc4 13. Bxc4 Rxc4 14. b3 Rc8 15. Ncb5 Bxb5 16. Nxb5 Rc6 17. Nxa7 Ra6 18. Nb5 Nd7 19. Rad1 Nb6 20. c4 f5 21. c5 Nc8 22. Qd5+ 1-0

[Event "SVK-Cup12 sf3 corr"]
[Site "Slovakia"]
[Date "2000.07.??"]
[Round "?"]
[White "Heinrich, Jan"]
[Black "Kotoucek, Milan"]
[Result "0-1"]
[WhiteElo "2220"]
[BlackElo "1918"]
[PlyCount "30"]
[EventDate "2000.07.??"]
[EventType "tourn (corr)"]
[EventRounds "12"]
[EventCountry "SVK"]
[SourceTitle "Corr 2004"]
[Source "ChessBase"]
[SourceDate "2003.04.28"]
[SourceVersion "3"]
[SourceVersionDate "2003.04.28"]
[SourceQuality "1"]

1. e4 c5 2. Nf3 Nc6 3. d4 e6 4. d5 Qa5+ 5. Nc3 exd5 6. exd5 Nce7 7. Be2 Nf6 8. 0-0 a6 9. Bg5 d6 10. Bxf6 gxf6 11. Ne4 Ng8 12. Re1 Bd7 13. Bxa6 0-0-0 14. Bf1 Bg4 15. h3 Bh5 0-1

[Event "SVK-Cup12 sf3 corr"]
[Site "Slovakia"]
[Date "2000.07.??"]
[Round "?"]
[White "Kotoucek, Milan"]
[Black "Heinrich, Jan"]
[Result "1-0"]
[WhiteElo "1918"]
[BlackElo "2220"]
[PlyCount "27"]
[EventDate "2000.07.??"]
[EventType "tourn (corr)"]
[EventRounds "12"]
[EventCountry "SVK"]
[SourceTitle "Corr 2004"]
[Source "ChessBase"]
[SourceDate "2003.04.28"]
[SourceVersion "3"]
[SourceVersionDate "2003.04.28"]
[SourceQuality "1"]

1. d4 Nf6 2. c4 g6 3. Nc3 Bg7 4. e4 d6 5. h3 0-0 6. Nf3 c5 7. dxc5 Qa5 8. Bd2 Qxc5 9. b4 Qc7 10. Rc1 Nc6 11. Nd5 Qd8 12. b5 Nb8 13. Bd3 e6 14. Nc3 1-0